| 000 | 00000nam##2200000za#4500 |
| 001 | 9.686312 |
| 003 | CaOODSP |
| 005 | 20241203113636 |
| 007 | cr ||||||||||| |
| 008 | 150407|2002||||xxc|||||o f|0| 0 eng|d |
| 020 | |a0-662-32531-1 |
| 040 | |aCaOODSP|beng |
| 043 | |an-cn--- |
| 086 | 1 |aEn4-6/2002E-IN |
| 110 | 1 |aCanada. |bEnvironment Canada. |
| 245 | 10|aGeorgia Basin Ecosystem Initiative : |h[electronic resource]|b2001/02 public report |
| 260 | |aVancouver - British Columbia : |bEnvironment Canada |c2002. |
| 300 | |a16p.|bcoloured map, photographs |
| 590 | |a14-08-Supp|b2014-04-10 |
| 690 | 07|aEnvironmental protection|2gcpds |
| 775 | 08|tInitiative de l'écosystème du bassin de Georgia : |w(CaOODSP)9.630788 |
| 856 | 40|ahttp://publications.gc.ca|qPDF|s3.32 MB|uhttps://publications.gc.ca/collections/collection_2014/ec/En4-6-2002-eng.pdf |
| 986 | |aEC/GB-02-060 |